| 000 | 00588nam a2200205 i 4500 | ||
|---|---|---|---|
| 001 | 31754 | ||
| 003 | ES-MaACL | ||
| 005 | 20250607063014.0 | ||
| 007 | t| | ||
| 008 | 030130s1952 sp ||||1| cat d | ||
| 100 | 1 |
_aBenguerel, Xavier, _d1905-1990 _927580 |
|
| 245 | 1 | 3 |
_aLa familia Rouquier _b: novel-la / _cXavier Benguerel. |
| 250 | _a2ª ed. | ||
| 260 |
_aBarcelona : _bAymá, _c[1952] ( _fImp. Juvenil) |
||
| 300 |
_a300 p. ; _c19 cm. |
||
| 490 | 1 |
_aDaphne ; _v3 |
|
| 830 | 0 |
_aDaphne ; _v3 _9181880 |
|
| 852 |
_aES-MaACL _jC-7957 _bR.34427 |
||
| 999 |
_c31754 _d31754 |
||